The tall book of : Mother goose

Bibliographic Details
Format: Book
Published: New York : Harper Festival , 2006
Subjects:

MARC

LEADER 00000cam a2200000 7i4500
001 0000003000
005 20220105103941.0
008 10/07/07
020 |a 0060543736 
090 0 0 |a JP   |b NS ENG (1875) 
245 0 4 |a The tall book of :   |b Mother goose   |c Illustrated by Aleksey, Olga Ivanov 
260 |a New York :   |b Harper Festival ,   |c 2006 
500 |a Children age 4-6 years old (yellow) 
650 0 |a Rhymes   |x Fiction 
999 |a 0000963984   |b Book   |c Children Collection   |e Perbadanan Perpustakaan Awam Johor 
999 |a 0000963985   |b Book   |c Children Collection   |e Perbadanan Perpustakaan Awam Johor 
999 |a 0000963986   |b Book   |c Children Collection   |e Cawangan Batu Pahat